| 000 | 00654nam a2200205 i 4500 | ||
|---|---|---|---|
| 001 | 41818 | ||
| 003 | ES-MaACL | ||
| 005 | 20230906160510.0 | ||
| 007 | t| | ||
| 008 | 030311q1914 sp ||||1| spa d | ||
| 100 | 1 |
_aCasares, Julio, _d1877-1964 _936157 |
|
| 245 | 1 | 0 |
_aNovísismo diccionario inglés-español y español-inglés / _cJulio Casares. |
| 250 | _a4ª ed. | ||
| 260 |
_aMadrid : _b[s.n., _c1914?] ( _fImp. Colonial) |
||
| 300 |
_a686 p. ; _c14 cm. |
||
| 650 | 0 | 4 |
_aLengua inglesa- _vDiccionarios- _xEspañol. _914270 |
| 650 | 0 | 4 |
_aLengua española- _vDiccionarios- _xInglés. _914142 |
| 852 |
_aES-MaACL _jF-1189 |
||
| 999 |
_c41818 _d41818 |
||